Loading...
| Philosophy | 0 | 7 | 0 | 2 | 70 | 80 | 112.86 | 1 | 2 | 0.00 | 0.00 |
| History - European | 1 | 5 | 0 | 1 | 65 | 58 | 91.33 | 0 | 2 | 0.00 | 0.00 |
| Social Science | 1 | 6 | 3 | 1 | 60 | 57 | 118.29 | 4 | 6 | 0.00 | 0.00 |
| Literature - Poetry | 0 | 5 | 0 | 1 | 50 | 120 | 134.00 | 0 | 0 | 0.00 | 0.00 |
| Fine Arts - Other | 0 | 5 | 0 | 1 | 50 | 89 | 112.40 | 1 | 3 | 0.00 | 0.00 |
| Literature - Long Fiction | 0 | 5 | 1 | 0 | 45 | 91 | 127.60 | 1 | 1 | 0.00 | 0.00 |
| History - World | 1 | 3 | 1 | 2 | 40 | 63 | 117.50 | 0 | 0 | 0.00 | 0.00 |
| Literature - Drama | 0 | 3 | 0 | 0 | 30 | 77 | 105.00 | 0 | 0 | 0.00 | 0.00 |
| Science - Other | 0 | 3 | 0 | 1 | 30 | 102 | 128.33 | 0 | 0 | 0.00 | 0.00 |
| History - Other | 2 | 0 | 0 | 0 | 30 | 47 | 51.50 | 0 | 1 | 0.00 | 0.00 |
| Other Academic | 0 | 3 | 0 | 0 | 30 | 88 | 93.67 | 0 | 2 | 0.00 | 0.00 |
| Current Events | 1 | 1 | 0 | 0 | 25 | 40 | 61.50 | 0 | 1 | 0.00 | 0.00 |
| Geography | 0 | 2 | 0 | 2 | 20 | 129 | 139.00 | 0 | 1 | 0.00 | 0.00 |
| History - Ancient | 1 | 0 | 0 | 0 | 15 | 62 | 62.00 | 0 | 1 | 0.00 | 0.00 |
| History - American | 0 | 2 | 1 | 1 | 15 | 124 | 128.50 | 0 | 0 | 0.00 | 0.00 |
| Short Fiction and Other | 0 | 2 | 1 | 0 | 15 | 134 | 136.50 | 0 | 0 | 0.00 | 0.00 |
| Science - Biology | 0 | 1 | 0 | 0 | 10 | 131 | 131.00 | 0 | 0 | 0.00 | 0.00 |
| Science - Chemistry | 0 | 1 | 0 | 0 | 10 | 126 | 126.00 | 0 | 1 | 0.00 | 0.00 |
| Science - Physics | 0 | 1 | 0 | 1 | 10 | 146 | 146.00 | 0 | 0 | 0.00 | 0.00 |
| Fine Arts - Painting and Sculpture | 0 | 1 | 0 | 0 | 10 | 83 | 83.00 | 0 | 1 | 0.00 | 0.00 |
| Mythology | 0 | 0 | 1 | 0 | -5 | 0.00 | 0 | 0 | 0.00 | 0.00 | |
| Religion | 0 | 0 | 1 | 0 | -5 | 0.00 | 0 | 0 | 0.00 | 0.00 |